Steam shovel mining : including a consideration of electric shovels and other power excavators in open-pit mining.

Saved in:
Bibliografiske detaljer
Hovedforfatter: Marsh, Robert
Format: Bog
Sprog:English
Udgivet: N.Y. : McGraw-Hill, 1920.
Fag:
LEADER 00856nam a22002291a 4500
001 c000184726
003 CARM
005 19890727000000.0
008 851211s1920 nyu 0 eng d
019 1 |a 4165223  |5 LACONCORD2021 
035 |a (OCoLC)3621293  |5 LACONCORD2021 
040 |a NUN  |b eng  |c NUN  |d XNTU 
082 0 4 |a 622.3 
100 1 |a Marsh, Robert. 
245 1 0 |a Steam shovel mining :  |b including a consideration of electric shovels and other power excavators in open-pit mining. 
260 |a N.Y. :  |b McGraw-Hill,  |c 1920. 
650 0 |a Mining machinery. 
650 0 |a Mining engineering. 
650 0 |a Steam shovels. 
852 8 |b CARM  |h A2:AP22D0  |i C07278  |p 0243935  |f BK 
999 f f |i 32d9eedc-ecda-55fd-ac07-3028825bde4f  |s 6fffb15e-63f3-53c2-9507-f5e9a90ff10a 
952 f f |p Can circulate  |a CAVAL  |b CAVAL  |c CAVAL  |d CARM 1 Store  |e C07278  |f A2:AP22D0  |h Other scheme  |i book  |m 0243935